Výber vhodných snímačov využiteľných pri realizácií robota na UIAM

Saved in:
Bibliographic Details
Main Author: Farkaš, Ján, 1982- (Author)
Other Authors: Škulavík, Tomáš, 1985- (Thesis advisor)
Format: Manuscript Book
Language:Slovak
Published: Trnava : STU v Bratislave MTF UIAM, 2010
Subjects:
Online Access:VAIS
Tags: Add Tag
No Tags, Be the first to tag this record!

MARC

LEADER 00000ntm a22000003a 4500
001 stu212390
005 20160719160434.3
008 101008s2010----xo------------------slo-d
040 |a STU  |b slo 
041 0 |a slo 
044 |a xo 
100 1 |a Farkaš, Ján,  |d 1982-  |4 aut  |X 51885  |7 A000051885 
242 0 0 |a The choice of convenient sensors, useful in the realization of the robot for UIAM  |y eng 
245 1 |a Výber vhodných snímačov využiteľných pri realizácií robota na UIAM 
260 |a Trnava :  |b STU v Bratislave MTF UIAM,  |c 2010 
650 7 |a aplikovaná informatika a automatizácia v priemysle  |2 stusub 
650 7 |a Applied Informatics and Automation in Industry  |2 estusub 
650 7 |a sensor  |2 estusub 
650 7 |a zrýchlenie  |2 stusub 
700 1 |a Škulavík, Tomáš,  |d 1985-  |4 ths  |u M6000  |U MTF Materiálovotechnologická fakulta  |T MTF Ústav aplikovanej informatiky, automatizácie a matematiky  |X 34937  |U M6000  |Y 86  |7 A000034937 
856 4 |a info a plný text  |u http://is.stuba.sk/zp/portal_zp.pl?podrobnosti=52426  |3 VAIS 
996 |c M*BP-4669  |l MMSKP  |s P  |a 0  |w stu212390_0001